000 00562nam a22001937a 4500
008 150518b xxu||||| |||| 00| 0 eng d
020 _a9780078021220 (pbk. : alk. paper)
020 _a0078021227 (alk. paper)
041 0 _aeng
080 _a744
100 1 _aRider, Michael J.
245 1 0 _aDesigning with Creo Parametric 1.0 /
_cMichael J. Rider.
250 _a1st ed.
260 _aNew York, NY :
_bMcGraw-Hill,
_cc2013.
300 _a529 f. :
_bme il.:
_c28 cm.
650 0 _aDizajnimi kompjuterik
650 0 _aVizatimi tre-dimensional
942 _2udc
_cBK
999 _c806
_d806